LEADER 01227nam a2200229 i 4500 001 000000238492 003 CaOOAMICUS 005 20150130000000.0 008 150130s1863 it u000 u ita u 013 $a217397 040 $aSeMil$bita 100 1 $aCipolletta, Eugenio.$0(OLS)http://semarc/name/81243 245 10$aMemorie politiche sui conclavi da Pio 7. a Pio 9. compilate su documenti diplomatici segreti rinvenuti negli Archivi degli Esteri dell'ex Regno delle due Sicilie /$cper Eugenio Cipolletta. 260 $aMilano :$bLegros e Marazzani,$c1863. 300 $a240 p. ;$c19 cm. 650 4$aConclavi - Storia - 1798-1846 - Documenti diplomatici.$0(OLS)http://semarc/subject/42183 650 4$aConclavi - Storia - Sec. 18.-19.$0(OLS)http://semarc/subject/42184 850 $aSeMil 852 $aSeMil$W1$xVenegono$y1$m3D I 13 FA$j188838$B188838$CSeMilBibl$Z2$F199548 $8I 961 $aLascito: Giobbi Adolfo, prof. 996 $6245$aMemorie politiche sui conclavi da Pio 7. a Pio 9. compilate su documenti diplomatici segreti rinvenuti negli Archivi degli Esteri dell'ex Regno delle due Sicilie$9(OLS)http://semarc/title/339878 996 $6260$aMilano :$bLegros e Marazzani$9(OLS)http://semarc/publisher/54367 LEADER 01294nam a2200277 i 4500 001 000000073462 003 CaOOAMICUS 005 20090702000000.0 008 090702s1999 it u000 u ita u 013 $a44634 020 $a88-86474-39-3 040 $aSeMil$bita 100 1 $aZovatto, Pietro.$0(OLS)http://semarc/name/11158 245 10$aCultura cattolica rosminiana tra '800 e '900 /$cPietro Zovatto. 260 $aTrieste :$bParnaso,$c1999. 300 $a684 p. ;$c24 cm. 490 0 $aHesperides : letterature e culture occidentali ;$v10. 500 $aSul front.: Università degli studi di Trieste, Facoltà di scienze della formazione, Dipartimento di scienze geografiche e storiche. - Bibliografia (pp. 647-664). 600 14$aRosmini Serbati, Antonio .$0(OLS)http://semarc/subject/791 830 0$aHesperides : letterature e culture occidentali ;$v10.$0(OLS)http://semarc/title/8729 850 $aSeMil 852 $aSeMil$W1$xVenegono$y1$m2Q V 199$j39614$B39614$CSeMilBibl$Z2$F39618 $81 961 $aAcquisto: Parnaso 996 $6020$a88-86474-39-3$9(OLS)http://semarc/number/52948 996 $6245$aCultura cattolica rosminiana tra '800 e '900$9(OLS)http://semarc/title/118627 996 $6260$aTrieste :$bParnaso$9(OLS)http://semarc/publisher/31826